000 00381nam a2200145Ia 4500
008 260417s2024 xx 000 0 und d
041 _aeng
082 _a844.104416/KUC
_bDI-1138
100 _aPROF. B.S.KUCHEKAR
245 _aPHARMACY LAW AND ETHICS
250 _a3RD ed
260 _aPUNE
_b2024
_bNIRALI PRAKASHAN
300 _aP.B/21.5p
650 _aPHARMACY ETHICS AND LAW
999 _c1220449
_d1220449